Principaux quartiers de Saint-Etienne - Statistiques

Statistiques générales
  • Ce quiz a été pris 474 fois
  • Le résultat moyen est 8 sur 20
Statistiques - réponses
Quartiers par ordre alphabétique % Correct
Bellevue
71%
Montreynaud
63%
Fauriel / Centre Deux
55%
Carnot
54%
Chateaucreux
53%
Terrenoire
50%
Tardy / La Cotonne
49%
La Terrasse / Bergson
48%
Beaubrun / Tarentaize
44%
Solaure
44%
La Métare / Portail Rouge
43%
Cote Chaude / Montaud
39%
Jacquard / Chavanelle
38%
Méons / Le Soleil
38%
Cret de Roc
34%
Monthieu
29%
La Richelandiere / Montplaisir
27%
Saint-Roch / Valbenoite
17%
Saint-Victor-sur-Loire
14%
Rochetaillée
12%
Aucun quiz correspondant
Distribution des résultats
% des personnes avec chaque résultat
Percentile par nombre de réponses
Votre historique - résultats
Vous n’avez pas pris ce quiz